| 000 | 00457nam a22001457a 4500 | ||
|---|---|---|---|
| 005 | 20260303122401.0 | ||
| 008 | 260303b |||||||| |||| 00| 0 eng d | ||
| 020 | _a978-9914-44-766-8 | ||
| 100 | _aALUOCH, DOROTHY | ||
| 245 | _aOXFORD ACTIVE COMPUTER STUDIES: GRADE 10, LEARNER'S BOOK | ||
| 260 |
_aNAIROBI _bOXFORD UNIVERSITY PRESS _c2025 |
||
| 300 | _aIV, 244P. | ||
| 650 | _aCOMPUTER SCIENCE-TEXTBOOK-STUDY AND TEACHING (SECONDARY) | ||
| 942 |
_2lcc _cBK |
||
| 999 |
_c216761 _d216761 |
||